Čo prináša Jaguar Land Rover

Príchod britskej automobilky Jaguar Land Rover na Slovensko. Úspešné automobilové závody na Slovensku. Kvalita dodávateľov ako konkurenčná výhoda, na ktorej môže Slovensko stavať. Výška investície. Štátna pomoc. Lokalita nového závodu v priemyselnom parku Nitra Sever. Nové pracovné miesta. Využitie...

Descrizione completa

Salvato in:
Dettagli Bibliografici
Autore principale: Kvašňák, Lukáš
Natura: Capitolo di libro
Lingua:slovacco
Soggetti:
Tags: Aggiungi Tag
Nessun Tag, puoi essere il primo ad aggiungerne!!

MARC

LEADER 00000naa a2200000 4500
001 0206103
005 20231113104047.2
041 0 |a slo 
044 |a SK 
245 1 0 |a Čo prináša Jaguar Land Rover  |c Lukáš Kvašňák 
520 |a Príchod britskej automobilky Jaguar Land Rover na Slovensko. Úspešné automobilové závody na Slovensku. Kvalita dodávateľov ako konkurenčná výhoda, na ktorej môže Slovensko stavať. Výška investície. Štátna pomoc. Lokalita nového závodu v priemyselnom parku Nitra Sever. Nové pracovné miesta. Využitie duálneho vzdelávania. 
610 2 0 |a priemysel automobilový 
610 2 0 |a automobily osobné 
610 2 0 |a investície zo zahraničia 
610 2 0 |a pomoc štátna 
610 2 0 |a stimuly hmotné 
610 2 0 |a zamestnanosť 
610 2 0 |a vzdelávanie duálne 
610 2 0 |a Slovensko 
100 1 |a Kvašňák, Lukáš